[Event "Magistral Grafica Yael-Torre Blanca"]
[Site "Buenos Aires ARG"]
[Date "2010.07.28"]
[Round "5.5"]
[White "Perez Ponsa, Federico"]
[Black "Sorin, Ariel"]
[Result "1/2-1/2"]
[WhiteElo "2463"]
[BlackElo "2484"]
[PlyCount "170"]
[EventDate "2010.07.24"]
[EventType "tourn"]
[EventRounds "9"]
[EventCountry "ARG"]
[EventCategory "7"]
[Source "lmi"]
[SourceDate "2010.07.24"]

1. e4 e5 2. Nf3 Nc6 3. Bb5 a6 4. Ba4 Nf6 5. O-O Nxe4 6. d4 b5 7. Bb3 d5 8. dxe5
Be6 9. Nbd2 Be7 10. c3 O-O 11. Re1 Nc5 12. Nd4 Nxd4 13. cxd4 Nd3 14. Re3 Nf4
15. Bc2 f6 16. Nb3 Qd7 17. exf6 Rxf6 18. Rg3 Raf8 19. Be3 Bf5 20. Nc5 Bxc5 21.
dxc5 Ne6 22. Bb3 c6 23. Qd2 h5 24. h4 Rg6 25. Rxg6 Bxg6 26. a4 Qd8 27. axb5
axb5 28. Ra6 Qd7 29. Qc3 Nc7 30. Ra7 Ra8 31. Rb7 Qc8 32. Rb6 Ra1+ 33. Kh2 Qg4
34. Bg5 Ne6 35. f3 Qf5 36. Be3 Be8 37. Bc2 Qf6 38. Qxf6 gxf6 39. Bf5 Ng7 40.
Bc8 Re1 41. Bd2 Re2 42. Bc3 Kf7 43. Bb7 Re6 44. Bc8 Re2 45. Kg1 Kg6 46. Kf1 Re7
47. g4 Rc7 48. Rb8 Bf7 49. f4 hxg4 50. Bxg4 Re7 51. Rh8 Re4 52. h5+ Nxh5 53.
Bxh5+ Kg7 54. Bxf7 Rxf4+ 55. Ke2 Kxh8 56. Kd3 Rf3+ 57. Kc2 Rf2+ 58. Kb1 Rf4 59.
b4 d4 60. Bd2 Re4 61. Bg6 Re5 62. Bf4 Re1+ 63. Kc2 Kg7 64. Bh5 Re4 65. Bd2 f5
66. Bf3 Kf6 67. Kd3 Re6 68. Kxd4 Ke7 69. Bf4 Kd7 70. Be5 Rh6 71. Bf4 Re6 72.
Bg2 Re2 73. Bf3 Rb2 74. Ke5 Rxb4 75. Kxf5 Rc4 76. Be3 b4 77. Ke5 b3 78. Bd4 Rc2
79. Be4 Re2 80. Kf4 Kc7 81. Kf3 Re1 82. Bd3 Rc1 83. Ke2 Kb7 84. Kd2 b2 85. Bxb2
Rxc5 1/2-1/2

[Event "Magistral Grafica Yael-Torre Blanca"]
[Site "Buenos Aires ARG"]
[Date "2010.07.29"]
[Round "6.1"]
[White "Rodriguez Vila, Andres"]
[Black "Sorin, Ariel"]
[Result "1-0"]
[WhiteElo "2508"]
[BlackElo "2484"]
[PlyCount "67"]
[EventDate "2010.07.24"]
[EventType "tourn"]
[EventRounds "9"]
[EventCountry "ARG"]
[EventCategory "7"]
[Source "lmi"]
[SourceDate "2010.07.24"]

1. e4 e5 2. Nf3 Nc6 3. Bc4 Bc5 4. c3 Nf6 5. d3 a6 6. O-O O-O 7. Re1 d6 8. Bg5
h6 9. Bh4 g5 10. Bg3 Bg4 11. Nbd2 Na5 12. Bxf7+ Rxf7 13. b4 Bxb4 14. cxb4 Nc6
15. Qb3 Nd7 16. a4 Kg7 17. b5 Nc5 18. Qc3 axb5 19. axb5 Na7 20. Nxe5 Qf6 21. d4
Nxb5 22. Nxg4 Nxc3 23. Nxf6 Rxa1 24. Rxa1 Ne2+ 25. Kf1 Nxd4 26. Nd5 Nde6 27.
Ra8 h5 28. h4 gxh4 29. Bxh4 Nd3 30. Nf3 Ndf4 31. Kg1 Kh7 32. g3 Nd3 33. Kg2 Rg7
34. Bf6 1-0

[Event "Magistral Grafica Yael-Torre Blanca"]
[Site "Buenos Aires ARG"]
[Date "2010.07.29"]
[Round "6.2"]
[White "Saldaño Dayer, Horacio"]
[Black "Perez Ponsa, Federico"]
[Result "1/2-1/2"]
[WhiteElo "2428"]
[BlackElo "2463"]
[PlyCount "78"]
[EventDate "2010.07.24"]
[EventType "tourn"]
[EventRounds "9"]
[EventCountry "ARG"]
[EventCategory "7"]
[Source "lmi"]
[SourceDate "2010.07.24"]

1. e4 g6 2. d4 Bg7 3. c3 d6 4. Nf3 Nf6 5. Bd3 O-O 6. O-O Nc6 7. Re1 e5 8. h3
Re8 9. Nbd2 Nh5 10. dxe5 dxe5 11. Nc4 Nf4 12. Bxf4 exf4 13. a4 Be6 14. Qd2 g5
15. Rad1 Qe7 16. Qe2 f6 17. Nd4 Nxd4 18. cxd4 Rad8 19. d5 Bf7 20. Qc2 Kh8 21.
Na5 f5 22. Nxb7 Rb8 23. Qc6 Qb4 24. Nc5 Qb6 25. exf5 Bxb2 26. Qxb6 axb6 27. Ne6
Bxe6 28. fxe6 Re7 29. Re4 Rd8 30. Bb5 Kg7 31. Rd3 Kf6 32. Bd7 Be5 33. Kf1 Bd6
34. f3 Rg7 35. Rc3 Ra8 36. Bc6 Ra7 37. Rc2 Ra5 38. Bb5 Ra8 39. Rce2 Ke7 1/2-1/2

[Event "Magistral Grafica Yael-Torre Blanca"]
[Site "Buenos Aires ARG"]
[Date "2010.07.29"]
[Round "6.4"]
[White "Labollita, Martin"]
[Black "Diaz Hollemaert, Nahuel"]
[Result "0-1"]
[WhiteElo "2413"]
[BlackElo "2474"]
[PlyCount "64"]
[EventDate "2010.07.24"]
[EventType "tourn"]
[EventRounds "9"]
[EventCountry "ARG"]
[EventCategory "7"]
[Source "lmi"]
[SourceDate "2010.07.24"]

1. d4 g6 2. c4 Bg7 3. e4 d6 4. Nc3 e5 5. dxe5 Bxe5 6. Nge2 Nc6 7. h4 Be6 8. Nd5
h6 9. Be3 Nce7 10. Nd4 Bc8 11. Qd2 c5 12. Nb5 Nxd5 13. cxd5 a6 14. Nc3 Bg7 15.
g3 Nf6 16. Bg2 Ng4 17. Bf4 h5 18. O-O O-O 19. Bg5 Qc7 20. f3 Ne5 21. f4 Nc4 22.
Qe2 b5 23. f5 Re8 24. g4 Bd4+ 25. Kh1 f6 26. Bf4 g5 27. hxg5 hxg4 28. Qxg4 Qh7+
29. Bh3 fxg5 30. b3 Kf7 31. bxc4 gxf4 32. Ne2 Rg8 0-1

[Event "Magistral Grafica Yael-Torre Blanca"]
[Site "Buenos Aires ARG"]
[Date "2010.07.29"]
[Round "6.5"]
[White "Blit, Jacques"]
[Black "Slipak, Sergio"]
[Result "1/2-1/2"]
[WhiteElo "2356"]
[BlackElo "2440"]
[PlyCount "60"]
[EventDate "2010.07.24"]
[EventType "tourn"]
[EventRounds "9"]
[EventCountry "ARG"]
[EventCategory "7"]
[Source "lmi"]
[SourceDate "2010.07.24"]

1. e4 e5 2. Nf3 Nc6 3. Bc4 Nf6 4. d3 Be7 5. c3 O-O 6. Bb3 d6 7. O-O Na5 8. Bc2
c5 9. Nbd2 Nc6 10. Re1 Re8 11. a3 Be6 12. b4 b5 13. d4 cxd4 14. cxd4 exd4 15.
Nb3 Bg4 16. Bb2 Nd7 17. Bd3 Qb6 18. Bf1 Bf6 19. Rc1 Nde5 20. h3 Nxf3+ 21. gxf3
Be6 22. f4 Rac8 23. f5 Bd7 24. Rc2 Re7 25. Rd2 Rce8 26. Nxd4 Nxd4 27. Bxd4 Bxd4
28. Rxd4 Bxf5 29. Rxd6 Qb8 30. Bg2 Be6 1/2-1/2

[Event "Magistral Grafica Yael-Torre Blanca"]
[Site "Buenos Aires ARG"]
[Date "2010.07.30"]
[Round "7.2"]
[White "Diaz Hollemaert, Nahuel"]
[Black "Blit, Jacques"]
[Result "1/2-1/2"]
[WhiteElo "2474"]
[BlackElo "2356"]
[PlyCount "23"]
[EventDate "2010.07.24"]
[EventType "tourn"]
[EventRounds "9"]
[EventCountry "ARG"]
[EventCategory "7"]
[Source "lmi"]
[SourceDate "2010.07.24"]

1. d4 d5 2. Nf3 Nf6 3. c4 c6 4. cxd5 cxd5 5. Nc3 g6 6. g3 Bg7 7. Bg2 O-O 8. O-O
Ne4 9. Nxe4 dxe4 10. Ng5 Qxd4 11. Qxd4 Bxd4 12. Nxe4 1/2-1/2

[Event "Magistral Grafica Yael-Torre Blanca"]
[Site "Buenos Aires ARG"]
[Date "2010.07.30"]
[Round "7.3"]
[White "Bassan, Remo"]
[Black "Labollita, Martin"]
[Result "0-1"]
[WhiteElo "2210"]
[BlackElo "2413"]
[PlyCount "104"]
[EventDate "2010.07.24"]
[EventType "tourn"]
[EventRounds "9"]
[EventCountry "ARG"]
[EventCategory "7"]
[Source "lmi"]
[SourceDate "2010.07.24"]

1. e4 e6 2. d4 d5 3. Nc3 Nf6 4. Bg5 dxe4 5. Nxe4 Be7 6. Bxf6 gxf6 7. g3 Bd7 8.
Nf3 Bc6 9. Qe2 Qd5 10. Ned2 Qf5 11. O-O-O Nd7 12. Bg2 Nb6 13. Nh4 Qa5 14. Bxc6+
bxc6 15. a3 Rb8 16. Qf3 Qd5 17. Qxd5 cxd5 18. b4 Na4 19. Nb3 Nb6 20. Na5 Kd7
21. f4 Nc8 22. Nf3 Nd6 23. Rhe1 h5 24. Kb2 Rhg8 25. Kb3 c6 26. Kb2 Nf5 27. Rd3
Rg4 28. Rc1 h4 29. Nxh4 Nxh4 30. h3 Rg7 31. gxh4 Rg2 32. Kb3 Bd8 33. Ka4 Bxa5
34. Kxa5 Rb5+ 35. Ka4 Rf2 36. Rg1 Rxf4 37. Rg4 Re4 38. Rxe4 dxe4 39. Re3 f5 40.
c4 Rb7 41. c5 e5 42. dxe5 Ke6 43. h5 Kxe5 44. Rg3 f4 45. Rg1 f3 46. h6 Rb8 47.
h7 Rh8 48. Rf1 Kf4 49. b5 cxb5+ 50. Kxb5 Rxh7 51. Kc4 f5 52. c6 Rc7 0-1

[Event "Magistral Grafica Yael-Torre Blanca"]
[Site "Buenos Aires ARG"]
[Date "2010.07.30"]
[Round "7.4"]
[White "Perez Ponsa, Federico"]
[Black "Zapata Ferrada, Marco"]
[Result "1/2-1/2"]
[WhiteElo "2463"]
[BlackElo "2372"]
[PlyCount "96"]
[EventDate "2010.07.24"]
[EventType "tourn"]
[EventRounds "9"]
[EventCountry "ARG"]
[EventCategory "7"]
[Source "lmi"]
[SourceDate "2010.07.24"]

1. d4 d5 2. c4 c6 3. Nf3 Nf6 4. Nc3 g6 5. Bf4 Bg7 6. e3 O-O 7. Bd3 Bg4 8. h3
Bxf3 9. Qxf3 Na6 10. O-O Nb4 11. Be2 dxc4 12. Bxc4 Nbd5 13. Bg3 Rc8 14. Bb3 Qd7
15. e4 Nxc3 16. bxc3 e6 17. Rad1 b5 18. Rfe1 h6 19. Bh4 Nh7 20. d5 exd5 21.
exd5 Ng5 22. Qg4 Qxg4 23. hxg4 cxd5 24. Rxd5 Bxc3 25. Re7 Ne6 26. Rdd7 Rc6 27.
Bd5 Ra6 28. Rxa7 Rxa7 29. Rxa7 Nf4 30. Bb3 g5 31. Bg3 Ne2+ 32. Kh2 Nxg3 33.
Kxg3 b4 34. Kf3 Kg7 35. Rb7 Kg6 36. g3 Be1 37. Ke2 Bc3 38. f4 Kg7 39. Kf3 Be1
40. Rb5 Bd2 41. Rd5 Bc1 42. Rd4 Rb8 43. Ke4 Rb7 44. Bd5 Rb6 45. Rc4 Bd2 46. Rc7
Rf6 47. f5 Be1 48. Rb7 Bc3 1/2-1/2

[Event "Magistral Grafica Yael-Torre Blanca"]
[Site "Buenos Aires ARG"]
[Date "2010.07.30"]
[Round "7.5"]
[White "Sorin, Ariel"]
[Black "Saldaño Dayer, Horacio"]
[Result "1/2-1/2"]
[WhiteElo "2484"]
[BlackElo "2428"]
[PlyCount "50"]
[EventDate "2010.07.24"]
[EventType "tourn"]
[EventRounds "9"]
[EventCountry "ARG"]
[EventCategory "7"]
[Source "lmi"]
[SourceDate "2010.07.24"]

1. d4 Nf6 2. c4 e6 3. Nf3 d5 4. Nc3 Bb4 5. cxd5 exd5 6. Bg5 Nbd7 7. Rc1 c6 8.
Nd2 h6 9. Bh4 Nf8 10. e3 Ng6 11. Bg3 h5 12. f3 Qe7 13. Bf2 Nf4 14. h4 Bf5 15.
Nb3 O-O 16. g3 Ng6 17. Bd3 Bxd3 18. Qxd3 Qe6 19. Kf1 Rfe8 20. Kg2 Ne7 21. Rhe1
Qf5 22. Qxf5 Nxf5 23. a3 Bxc3 24. Rxc3 Re7 25. Rc2 Rae8 1/2-1/2

[Event "Magistral Grafica Yael-Torre Blanca"]
[Site "Buenos Aires ARG"]
[Date "2010.07.31"]
[Round "8.1"]
[White "Rodriguez Vila, Andres"]
[Black "Saldaño Dayer, Horacio"]
[Result "1-0"]
[WhiteElo "2508"]
[BlackElo "2428"]
[PlyCount "91"]
[EventDate "2010.07.24"]
[EventType "tourn"]
[EventRounds "9"]
[EventCountry "ARG"]
[EventCategory "7"]
[Source "lmi"]
[SourceDate "2010.07.24"]

1. e4 d6 2. d4 Nf6 3. f3 e5 4. dxe5 dxe5 5. Qxd8+ Kxd8 6. Bc4 Ke8 7. Be3 Nbd7
8. Nd2 Bc5 9. Kf2 a5 10. a4 Bxe3+ 11. Kxe3 Nc5 12. Ne2 Ke7 13. h3 c6 14. Rhd1
Nfd7 15. b3 Nb6 16. Ng3 Be6 17. Bxe6 Kxe6 18. f4 exf4+ 19. Kxf4 g6 20. Nf3 Ke7
21. h4 h5 22. Ne5 Rhd8 23. Ke3 Re8 24. Rf1 Rf8 25. Ne2 Ncd7 26. Nd3 Nf6 27. Nd4
Ng4+ 28. Kf4 Nd7 29. e5 Rad8 30. Rae1 Nb6 31. Ke4 Nd7 32. Rf4 Rc8 33. Kf3 Nb6
34. c4 Na8 35. Kg3 Nc7 36. Nc5 Rb8 37. e6 fxe6 38. Rxf8 Rxf8 39. Nxb7 e5 40.
Nxa5 c5 41. Nf3 Ke6 42. Ng5+ Ke7 43. Rd1 Rf6 44. Ne4 Rb6 45. Nxc5 Ne3 46. Rd7+
1-0

[Event "Magistral Grafica Yael-Torre Blanca"]
[Site "Buenos Aires ARG"]
[Date "2010.07.31"]
[Round "8.2"]
[White "Zapata Ferrada, Marco"]
[Black "Sorin, Ariel"]
[Result "1-0"]
[WhiteElo "2372"]
[BlackElo "2484"]
[PlyCount "84"]
[EventDate "2010.07.24"]
[EventType "tourn"]
[EventRounds "9"]
[EventCountry "ARG"]
[EventCategory "7"]
[Source "lmi"]
[SourceDate "2010.07.24"]

1. e4 e5 2. Nf3 Nc6 3. Bb5 a6 4. Ba4 Nf6 5. O-O Be7 6. Re1 b5 7. Bb3 d6 8. c3
O-O 9. h3 Na5 10. Bc2 c5 11. d3 Nc6 12. Nbd2 Re8 13. Nf1 Bf8 14. a4 Rb8 15.
axb5 axb5 16. Ne3 h6 17. Nh2 Be6 18. Qf3 Kh7 19. Nhg4 Ng8 20. Nd5 Qh4 21. Ra6
Rec8 22. Nb6 Rd8 23. Nd5 Nce7 24. Nge3 g6 25. Nc7 Kg7 26. Nxe6+ fxe6 27. Bb3
Qf6 28. Qxf6+ Kxf6 29. f4 exf4 30. Ng4+ Kf7 31. Bxf4 Nc8 32. e5 d5 33. Rf1 Ke7
34. Nf6 Bg7 35. Rc6 Rb7 36. Nxg8+ Rxg8 37. Rxc5 Kd7 38. Rxd5+ exd5 39. Bxd5 Re8
40. Bxb7 Bxe5 41. Bxc8+ Kxc8 42. Bxe5 Rxe5 1-0

[Event "Magistral Grafica Yael-Torre Blanca"]
[Site "Buenos Aires ARG"]
[Date "2010.07.31"]
[Round "8.3"]
[White "Labollita, Martin"]
[Black "Perez Ponsa, Federico"]
[Result "1/2-1/2"]
[WhiteElo "2413"]
[BlackElo "2463"]
[PlyCount "20"]
[EventDate "2010.07.24"]
[EventType "tourn"]
[EventRounds "9"]
[EventCountry "ARG"]
[EventCategory "7"]
[Source "lmi"]
[SourceDate "2010.07.24"]

1. e4 e5 2. Nf3 Nf6 3. Nxe5 d6 4. Nf3 Nxe4 5. Qe2 Qe7 6. d3 Nf6 7. Bg5 Qxe2+ 8.
Bxe2 Be7 9. O-O O-O 10. Nc3 Nc6 1/2-1/2

[Event "Magistral Grafica Yael-Torre Blanca"]
[Site "Buenos Aires ARG"]
[Date "2010.07.31"]
[Round "8.4"]
[White "Blit, Jacques"]
[Black "Bassan, Remo"]
[Result "1-0"]
[WhiteElo "2356"]
[BlackElo "2210"]
[PlyCount "61"]
[EventDate "2010.07.24"]
[EventType "tourn"]
[EventRounds "9"]
[EventCountry "ARG"]
[EventCategory "7"]
[Source "lmi"]
[SourceDate "2010.07.24"]

1. e4 Nf6 2. e5 Nd5 3. d4 d6 4. c4 Nb6 5. exd6 exd6 6. h3 Be7 7. Nf3 Bf5 8. Nc3
O-O 9. Be2 Na6 10. O-O c6 11. Be3 Nc7 12. Re1 Bf6 13. Qd2 d5 14. c5 Nc4 15.
Bxc4 dxc4 16. Bg5 Bxg5 17. Nxg5 Bd3 18. Nf3 Ne6 19. Qe3 Re8 20. b3 Qa5 21. Rac1
Nc7 22. Qd2 Rxe1+ 23. Rxe1 Rd8 24. bxc4 Bxc4 25. Re7 Kf8 26. Qe3 Be6 27. Qg5
Nd5 28. Rxb7 h6 29. Qh4 Nxc3 30. Rxa7 Ne2+ 31. Kh2 1-0

[Event "Magistral Grafica Yael-Torre Blanca"]
[Site "Buenos Aires ARG"]
[Date "2010.07.31"]
[Round "8.5"]
[White "Slipak, Sergio"]
[Black "Diaz Hollemaert, Nahuel"]
[Result "1/2-1/2"]
[WhiteElo "2440"]
[BlackElo "2474"]
[PlyCount "34"]
[EventDate "2010.07.24"]
[EventType "tourn"]
[EventRounds "9"]
[EventCountry "ARG"]
[EventCategory "7"]
[Source "lmi"]
[SourceDate "2010.07.24"]

1. d4 Nf6 2. Nf3 e6 3. c4 b6 4. g3 Ba6 5. Qa4 c6 6. Nc3 Be7 7. e4 O-O 8. Bf4
Bb7 9. e5 Ne8 10. Bg2 c5 11. O-O g5 12. Be3 g4 13. Nd2 Bxg2 14. Kxg2 cxd4 15.
Bxd4 Nc6 16. Qd1 h5 17. Nde4 d5 1/2-1/2

[Event "Magistral Grafica Yael-Torre Blanca"]
[Site "Buenos Aires ARG"]
[Date "2010.08.01"]
[Round "9.1"]
[White "Diaz Hollemaert, Nahuel"]
[Black "Rodriguez Vila, Andres"]
[Result "1/2-1/2"]
[WhiteElo "2474"]
[BlackElo "2508"]
[PlyCount "90"]
[EventDate "2010.07.24"]
[EventType "tourn"]
[EventRounds "9"]
[EventCountry "ARG"]
[EventCategory "7"]
[Source "lmi"]
[SourceDate "2010.07.24"]

1. d4 e6 2. g3 c5 3. Nf3 d5 4. Bg2 cxd4 5. O-O Nc6 6. Nxd4 Qb6 7. Nxc6 bxc6 8.
c4 Nf6 9. Nc3 Bb7 10. cxd5 cxd5 11. Be3 Qa6 12. Qb3 Bc6 13. a4 Be7 14. Nb5 Qb7
15. Rfc1 O-O 16. Nd4 Qxb3 17. Nxb3 Rfc8 18. Nd4 Bd7 19. Nb5 Rxc1+ 20. Rxc1 a6
21. Nc7 Rc8 22. a5 Bd8 23. Nxa6 Rxc1+ 24. Bxc1 Bb5 25. Nc5 Bxa5 26. e3 Bb6 27.
b4 Bxc5 28. bxc5 Kf8 29. Bb2 Ke8 30. h3 Kd7 31. g4 Kc6 32. Bd4 Ne8 33. Kh2 f6
34. f4 h6 35. h4 Bd3 36. Kg3 Nc7 37. g5 hxg5 38. hxg5 e5 39. fxe5 fxg5 40. Bh3
g6 41. Bg4 Bf5 42. Bd1 Kb5 43. Be2+ Kc6 44. Bd1 Kb5 45. Be2+ Kc6 1/2-1/2

[Event "Magistral Grafica Yael-Torre Blanca"]
[Site "Buenos Aires ARG"]
[Date "2010.08.01"]
[Round "9.2"]
[White "Bassan, Remo"]
[Black "Slipak, Sergio"]
[Result "1/2-1/2"]
[WhiteElo "2210"]
[BlackElo "2440"]
[PlyCount "52"]
[EventDate "2010.07.24"]
[EventType "tourn"]
[EventRounds "9"]
[EventCountry "ARG"]
[EventCategory "7"]
[Source "lmi"]
[SourceDate "2010.07.24"]

1. e4 c6 2. d4 d5 3. exd5 cxd5 4. c4 Nf6 5. Nc3 g6 6. Qb3 Bg7 7. cxd5 O-O 8.
Be2 Nbd7 9. Bf3 Nb6 10. Nge2 Bf5 11. O-O Bd3 12. d6 exd6 13. Bxb7 Rb8 14. Bf3
Re8 15. Qd1 Ba6 16. Re1 d5 17. Bf4 Rb7 18. Be5 Rbe7 19. Nf4 Bb7 20. Qb3 Ne4 21.
Nfxd5 Bxd5 22. Nxd5 Qxd5 23. Qxd5 Nxd5 24. Bxe4 Bxe5 25. Bxd5 Bxd4 26. Kf1 Bxb2
1/2-1/2

[Event "Magistral Grafica Yael-Torre Blanca"]
[Site "Buenos Aires ARG"]
[Date "2010.08.01"]
[Round "9.4"]
[White "Sorin, Ariel"]
[Black "Labollita, Martin"]
[Result "0-1"]
[WhiteElo "2484"]
[BlackElo "2413"]
[PlyCount "82"]
[EventDate "2010.07.24"]
[EventType "tourn"]
[EventRounds "9"]
[EventCountry "ARG"]
[EventCategory "7"]
[Source "lmi"]
[SourceDate "2010.07.24"]

1. d4 f5 2. Nc3 Nf6 3. Bg5 e6 4. e4 fxe4 5. Nxe4 Be7 6. Bxf6 Bxf6 7. Nf3 Nc6 8.
Bb5 Qe7 9. c3 O-O 10. Qe2 a6 11. Bxc6 bxc6 12. O-O a5 13. Nc5 d6 14. Nd3 Ba6
15. Rfe1 Rab8 16. Rab1 c5 17. dxc5 e5 18. Qe4 Qf7 19. Nd2 d5 20. Qe3 e4 21. Nf4
Bg5 22. g3 Bxf4 23. gxf4 Bd3 24. Nb3 Bxb1 25. Rxb1 Qxf4 26. Qxf4 Rxf4 27. Nd4
Rbf8 28. Rf1 a4 29. b4 axb3 30. axb3 Rg4+ 31. Kh1 e3 32. f3 Rxd4 33. cxd4 Rb8
34. Rb1 Rb4 35. Kg1 Rxd4 36. b4 Rc4 37. Kf1 Rc2 38. Rb3 e2+ 39. Kf2 Kf7 40. Re3
c6 41. b5 Rxc5 0-1